[Event "Stay Safe Play From Home 329"]
[Site "Mustafa Kemal Atatürk"]
[Date "2020.07.24"]
[Round "8"]
[White "W Nelles"]
[Black "Klasman"]
[Result "0-1"]
[WhiteElo "1240"]
[BlackElo "1300"]
[Annotator "NA"]
[PlyCount "58"]
[EventDate "2020.07.24"]
[EventType "swiss (blitz)"]

1. e4 {[%emt 0:00:01]} f5 {[%emt 0:00:01]} 2. e5 {[%emt 0:00:01]} d6 {[%emt 0:00:02]} 3. d4 {[%emt 0:00:01]} dxe5 {[%emt 0:00:02]} 4. dxe5 {[%emt 0:00:01]} Qxd1+ {[%emt 0:00:01]} 5. Kxd1 {[%emt 0:00:01]} Nc6 {[%emt 0:00:03]} 6. Nf3 {[%emt 0:00:02]} Be6 {[%emt 0:00:01]} 7. Bb5 {[%emt 0:00:01]} O-O-O+ {[%emt 0:00:01]} 8. Bd2 {[%emt 0:00:02]} Nh6 {[%emt 0:00:04]} 9. Bxc6 {[%emt 0:00:01]} bxc6 {[%emt 0:00:02]} 10. Nc3 {[%emt 0:00:01]} Ng4 {[%emt 0:00:01]} 11. Rf1 {[%emt 0:00:02]} Bc4 {[%emt 0:00:04]} 12. Ne2 {[%emt 0:00:04]} e6 {[%emt 0:00:03]} 13. b3 {[%emt 0:00:01]} Ba6 {[%emt 0:00:02]} 14. c4 {[%emt 0:00:01]} Bc5 {[%emt 0:00:02]} 15. Ng5 {[%emt 0:00:02]} Nxf2+ {[%emt 0:00:03]} 16. Rxf2 {[%emt 0:00:05]} Bxf2 {[%emt 0:00:02]} 17. Nxe6 {[%emt 0:00:01]} Rxd2+ {[%emt 0:00:04]} 18. Kxd2 {[%emt 0:00:02]} Re8 {[%emt 0:00:02]} 19. Nxg7 {[%emt 0:00:04]} Rxe5 {[%emt 0:00:02]} 20. Nc3 {[%emt 0:00:06]} Be3+ {[%emt 0:00:03]} 21. Kc2 {[%emt 0:00:01]} c5 {[%emt 0:00:03]} 22. Rd1 {[%emt 0:00:02]} Bb7 {[%emt 0:00:03]} 23. Nd5 {[%emt 0:00:04]} Bd4 {[%emt 0:00:02]} 24. Nxf5 {[%emt 0:00:05]} Bxd5 {[%emt 0:00:01]} 25. cxd5 {[%emt 0:00:02]} Rxf5 {[%emt 0:00:01]} 26. Kd3 {[%emt 0:00:02]} Rf3+ {[%emt 0:00:03]} 27. Kc4 {[%emt 0:00:01]} c6 {[%emt 0:00:01]} 28. dxc6 {[%emt 0:00:03]} a6 {[%emt 0:00:01]} 29. Kd5 {[%emt 0:00:01]} Kc7 {[%emt 0:00:01] Zeit (Lag: Av=0.58s, max=1.0s)} 0-1

[Event "Stay Safe Play From Home 329"]
[Site "Mustafa Kemal Atatürk"]
[Date "2020.07.24"]
[Round "9"]
[White "Mepe_Nika"]
[Black "Haxhi Baha"]
[Result "1-0"]
[WhiteElo "2403"]
[BlackElo "2075"]
[Annotator "TA"]
[PlyCount "133"]
[EventDate "2020.07.24"]
[EventType "swiss (blitz)"]

{[%evp 9,132,158,129,110,125,120,192,160,381,368,395,391,639,650,712,702,918,793,760,450,429,445,441,441,477,446,522,393,492,338,365,175,238,141,147,151,147,91,125,122,113,23,127,114,187,139,157,152,156,156,213,115,358,352,417,425,423,398,440,446,439,433,623,623,699,701,742,621,1053,980,1257,1456,2092,2026,2056,1674,1941,1869,5904,2900,29974,29970,29971,29960,29984,29985,29984,29985,29987,29986,29990,29987,29987,29987,29987,29988,29989,29989,29990,29991,29991,29991,29992,29993,29993,29993,29993,29994,29994,29995,29995,29996,29996,29996,29996,29997,29997,29996,29996,29997,29997,29998,29998,29999,29999]} 1. g3 e5 2. Bg2 Be7 3. c4 h5 4. h4 {[#]} g5 $146 ({Predecessor:} 4... Nf6 5. Nc3 Nc6 6. Nf3 d6 7. d4 exd4 8. Nxd4 Bd7 9. b3 Ng4 10. Nxc6 Bxc6 {1-0 (47) Mostbauer,F (2309)-Grafenberger,D (1953) Playchess.com INT 2020}) 5. hxg5 Bxg5 6. Nf3 {A00: Irregular Openings.} Bf6 7. Nc3 Ne7 (7... Nc6 $16) 8. d4 $18 {White is clearly better.} e4 $2 (8... exd4 $16 {is a better defense.} 9. Ne4 (9. Nxd4 Nbc6 $16) 9... Nec6) 9. Nxe4 Bg7 10. Bg5 Nbc6 $2 (10... d6 11. Nf6+ Bxf6) 11. Nf6+ Bxf6 12. Bxf6 Rh7 13. Qd3 Rh6 14. Bg7 Rg6 15. Be5 d6 16. Bf4 Bf5 17. Qd2 Qd7 18. Rxh5 O-O-O 19. a3 Bg4 20. Rh4 (20. Rh7 $142) 20... Nf5 {[#]} (20... Bxf3 $142 21. Bxf3 Nf5) 21. Rh7 (21. Rxg4 $1 $18 Rxg4 22. d5) 21... Bxf3 $16 22. Bxf3 {Threatens to win with Be4.} Nfxd4 23. Qc3 ({White should play} 23. Bxc6 Nxc6 24. O-O-O) 23... Nxf3+ 24. Qxf3 Qe6 25. Kf1 (25. Rc1 $16) 25... Nd4 (25... Qxc4 $11 {keeps the balance.} 26. Be3 Rf8) 26. Qd3 c5 (26... Qf6 $16) 27. Kg2 Qxe2 28. Qxe2 Nxe2 29. Be3 Nd4 (29... Rd7 $16 30. Rd1 f5 31. Rh8+ Kc7) 30. Rxf7 (30. Bxd4 $1 $18 {Be3 is the strong threat.} cxd4 31. Rxf7) 30... Rd7 $2 {Now Black is done in.} (30... Nc2 $16 {was worth a try.} 31. Rh1 Nxe3+ 32. fxe3 Rdg8) 31. Rxd7 $18 Kxd7 32. Bxd4 cxd4 {[%mdl 4096] Endgame KR-KR} 33. Rd1 Re6 34. Rxd4 Re2 35. b3 Kc6 (35... Ra2 $142 36. a4 Ke6) 36. Rd3 a6 37. a4 Re8 38. g4 Kc5 39. Kg3 Kb4 40. f4 Re4 41. f5 Re1 42. Kf4 Rf1+ 43. Kg5 Rg1 44. Rxd6 (44. f6 $142 Rf1 45. Rxd6) 44... Kxb3 45. Rb6+ {White mates.} Kxc4 46. Rxb7 a5 47. f6 Rf1 48. Rb5 Rf2 49. Rxa5 Re2 50. Rf5 Re8 51. f7 Rf8 52. Kf6 Kb4 53. g5 Ra8 54. g6 Kxa4 55. Kg7 Kb4 56. f8=Q+ {[%mdl 64] [#] Promotion} Rxf8 57. Rxf8 {KR-K} Kc4 58. Kf6 Kd5 59. g7 Ke4 60. g8=Q Kd4 61. Ke7 Kc5 62. Qe6 Kb4 63. Rf5 Kc3 64. Rd5 Kc2 65. Qc6+ Kb3 66. Rb5+ Ka4 67. Qa6# {Accuracy: White = 63%, Black = 31%.} 1-0

[Event "Stay Safe Play From Home 329"]
[Site "Mustafa Kemal Atatürk"]
[Date "2020.07.24"]
[Round "9"]
[White "Little champs"]
[Black "Lazieri3"]
[Result "0-1"]
[WhiteElo "2384"]
[BlackElo "2066"]
[Annotator "TA"]
[PlyCount "130"]
[EventDate "2020.07.24"]
[EventType "swiss (blitz)"]

{[%evp 9,129,16,14,10,20,-13,-13,-32,-11,-46,-38,-23,-32,-37,-23,-28,-29,-31,-30,-113,-129,-146,-149,-139,-144,-139,-104,-110,-109,-181,-179,-202,-201,-210,-204,-234,-240,-240,-239,-239,-218,-235,-222,-251,-245,-237,-236,-297,-300,-300,-334,-335,-319,-511,-479,-1265,-872,-2582,-493,-1159,0,-2315,-2195,-2202,-1798,-1514,-1065,-29953,-6798,-29987,-29988,-29986,-29987,-29990,-5202,-2108,-1725,-29974,-29977,-29975,-29976,-29983,-29984,-29984,-29982,-29982,-29981,-29987,-29988,-29988,-29986,-29986,-29986,-29987,-29988,-29988,-29989,-29989,-29989,-29989,-29990,-29990,-29991,-29992,-29993,-29993,-29994,-29994,-29994,-29994,-29995,-29995,-29995,-29995,-29995,-29996,-29996,-29997,-29997,-29998,-29999,-29999]} 1. d4 c6 2. e3 d5 3. Nf3 Nf6 4. Be2 Bf5 5. O-O e6 6. c4 {D04: Colle System.} Bd6 7. cxd5 exd5 8. Nc3 {The position is equal.} O-O 9. Bd3 Ne4 {[#]} 10. Qc2 $146 {[%cal Rc3e4]} ({Predecessor:} 10. Ne5 Qc7 11. f4 f6 12. Nxe4 dxe4 13. Bc4+ Kh8 14. Ng4 Nd7 15. Nf2 Nb6 16. Bb3 {½-½ (48) Schnepper,A (1772)-Gattamorta,J (1626) Cuiaba 2016}) 10... Re8 11. Nd2 {[%cal Rd2e4]} Nxd2 12. Bxd2 Bxd3 13. Qxd3 Nd7 $40 {[%mdl 128] White needs to defend precisely.} 14. e4 (14. Rae1 $11) 14... dxe4 $17 15. Nxe4 {[#]} Bxh2+ $1 {[%mdl 576] Decoy} 16. Kxh2 {Rae1 is the strong threat.} Qh4+ {[%mdl 64] Double Attack} 17. Kg1 Qxe4 18. Qxe4 Rxe4 19. Be3 (19. d5 $17) 19... Nf6 20. Rfc1 Nd5 21. Re1 Rae8 22. Bd2 Rxe1+ 23. Rxe1 Rxe1+ 24. Bxe1 $19 {[%mdl 4096] Endgame KB-KN} f5 25. g3 g5 26. Kg2 h6 27. Kf3 Kf7 28. g4 fxg4+ 29. Kxg4 Kg6 30. Bd2 h5+ 31. Kf3 $2 (31. Kg3) 31... Kf5 32. a3 (32. Ba5 $142 h4 33. Kg2) 32... Nf4 33. b4 Ne6 (33... h4 $142 34. Bxf4 gxf4) 34. Be3 (34. Kg2 $142 Nxd4 35. Be3) 34... Nf4 $2 (34... h4 $19 {Hoping for ...Nf4.} 35. a4 Nf4 36. Bxf4 gxf4) 35. a4 $2 {[%mdl 8192]} (35. Bd2 $11 h4 36. Bxf4 gxf4 37. Kg2) 35... Nd5 36. Bd2 h4 37. Kg2 g4 38. f3 Nf4+ 39. Kf2 g3+ 40. Kg1 h3 41. Be1 h2+ (41... Ne2+ $142 42. Kf1 g2+ 43. Kxe2 g1=Q 44. b5 h2 45. a5 h1=Q 46. Kd3 Qxe1 47. Kc4 Qxf3 48. bxc6 bxc6 49. Kc5 Qd5#) 42. Kh1 Ne2 43. Bxg3 Nxg3+ {Black mates.} 44. Kxh2 {KN-KP} Kf4 45. b5 cxb5 46. axb5 {KN-K3P} Nf5 47. d5 Nd6 48. Kh3 Nxb5 {KN-KPP} 49. Kh4 Ke5 50. Kg5 Kxd5 {KN-KP} 51. Kg6 Nd6 52. f4 a5 53. f5 {[#]} Nxf5 $1 {[%mdl 64] Promotion} 54. Kxf5 {KP-KP} a4 55. Kf4 a3 56. Ke3 a2 57. Kd3 a1=Q 58. Ke3 Qc1+ 59. Kf3 b5 {[%cal Bb7b5,Bb5b4][%mdl 32]} 60. Ke2 b4 61. Kf3 Ke5 62. Kg4 Qf4+ 63. Kh5 Qg3 64. Kh6 Kf6 {[%cal Rg3h4]} 65. Kh5 Qh3# {Accuracy: White = 47%, Black = 81%.} 0-1

[Event "Stay Safe Play From Home 329"]
[Site "Mustafa Kemal Atatürk"]
[Date "2020.07.24"]
[Round "9"]
[White "BrainThinker22"]
[Black "NeatFox"]
[Result "0-1"]
[WhiteElo "2342"]
[BlackElo "1842"]
[Annotator "NA"]
[PlyCount "37"]
[EventDate "2020.07.24"]
[EventType "swiss (blitz)"]

1. e4 {[%emt 0:00:01]} c6 {[%emt 0:00:00]} 2. d4 {[%emt 0:00:01]} d5 {[%emt 0:00:00]} 3. exd5 {[%emt 0:00:00]} cxd5 {[%emt 0:00:00]} 4. c4 {[%emt 0:00:00]} e6 {[%emt 0:00:00]} 5. Nc3 {[%emt 0:00:01]} dxc4 {[%emt 0:00:00]} 6. Bxc4 {[%emt 0:00:01]} Nf6 {[%emt 0:00:00]} 7. Nf3 {[%emt 0:00:00]} Bd6 {[%emt 0:00:00]} 8. O-O {[%emt 0:00:00]} O-O {[%emt 0:00:00]} 9. Re1 {[%emt 0:00:00]} Nc6 {[%emt 0:00:00]} 10. h3 {[%emt 0:00:01]} Bd7 {[%emt 0:00:01]} 11. Bg5 {[%emt 0:00:01]} Be7 {[%emt 0:00:01]} 12. Bxf6 {[%emt 0:00:02]} Bxf6 {[%emt 0:00:01]} 13. d5 {[%emt 0:00:00]} exd5 {[%emt 0:00:01]} 14. Nxd5 {[%emt 0:00:00]} Na5 {[%emt 0:00:02]} 15. Nxf6+ {[%emt 0:00:02]} Qxf6 {[%emt 0:00:00]} 16. Qxd7 {[%emt 0:00:06]} Nxc4 {[%emt 0:00:01]} 17. b3 {[%emt 0:00:01]} Nd6 {[%emt 0:00:02]} 18. Rad1 {[%emt 0:00:02]} Rfd8 {[%emt 0:00:03]} 19. Qg4 {[%emt 0:00:06] BrainThinker22 resigns (Lag: Av=3.57s, max=47.0s)} 0-1

[Event "Stay Safe Play From Home 329"]
[Site "Mustafa Kemal Atatürk"]
[Date "2020.07.24"]
[Round "9"]
[White "Stefanone"]
[Black "lamborghini"]
[Result "0-1"]
[WhiteElo "2066"]
[BlackElo "2208"]
[Annotator "TA"]
[PlyCount "96"]
[EventDate "2020.07.24"]
[EventType "swiss (blitz)"]

{[%evp 9,96,-34,-17,-50,-16,-83,-24,-13,-22,-33,-41,-33,-31,-36,-16,-22,0,-138,-145,-180,-202,-174,-185,-169,-163,-365,-82,-93,-78,-107,-82,-83,-82,-102,-80,-128,-102,-138,-92,-92,-91,-100,-41,-73,-31,-22,-22,-84,-72,-177,-68,-208,-222,-289,-274,-319,-313,-328,-304,-311,-210,-393,0,0,0,0,0,-35,-35,-51,-51,-29977,-29978,-29978,-29963,-29960,-29957,-29956,-29957,-4644,-1470,-29949,-29958,-10853,-8992,-7545,-5712,-7545,-6664]} 1. d4 Nf6 2. e3 g6 3. f4 Bg7 4. Nf3 O-O 5. Bc4 d6 {[#]} 6. Qe2 $146 {A45: Trompowsky Attack.} ({Predecessor:} 6. O-O Nbd7 7. Qe1 c5 8. c3 e6 9. Nbd2 b6 10. Qg3 Bb7 11. Ng5 Qe7 12. b3 h6 13. Ngf3 {0-1 (31) Skvortsov,A (2076)-Timerkhanov,A (2367) Kirov 2018}) 6... Nc6 (6... c5 $5 {[%cal Rd6d5]} 7. Bd3 d5 $15) 7. e4 {[#]} (7. Nc3 $11) 7... e5 ({Better is} 7... Bg4 $1 $17 {And now ...d5 would win.} 8. c3 d5 9. exd5 Na5) 8. fxe5 {Black has an edge.} dxe5 9. d5 Nd4 10. Nxd4 exd4 11. O-O c6 $36 {[%mdl 2048] Black is pushing.} 12. dxc6 {Black should prevent Bg5.} bxc6 13. Qf3 {[#]} (13. Bg5 $11 {remains equal.} h6 14. Bxf6 Bxf6 15. Nd2) 13... Ng4 $1 $17 14. h3 Ne5 {[%mdl 64] Double Attack} 15. Qe2 Nxc4 16. Qxc4 Qb6 17. Qd3 $2 (17. Qb3) 17... Be6 $2 (17... Ba6 $19 {has better winning chances.} 18. Qb3 Bxf1 19. Kxf1 Qb5+ 20. Qxb5 cxb5) 18. b3 c5 {aiming for ...c4!} 19. Nd2 {[%cal Bb1d2,Bd2c4,Bc4d6][%mdl 32]} Rac8 20. Nc4 Qa6 21. a4 Rfe8 22. Bg5 Rb8 23. Bf4 Rb4 {[%cal Re6c4]} 24. Nd6 Qxd3 25. cxd3 Rf8 (25... Rd8 $17 26. Rac1 Rxb3) 26. Rfb1 Rxb3 27. Rxb3 Bxb3 28. Rb1 (28. Kf2 $11) 28... Bc2 {[%mdl 64] Double Attack} 29. Rb7 (29. Rb5 $17) 29... a5 ({But not} 29... Bxa4 30. Rxa7 Bc2 31. Ra3 $15) ({Black should try} 29... Bxd3 $19 {White must now prevent ...c4.} 30. Rc7 Bc2 31. Rxc5 Bxa4) 30. Ra7 (30. Rc7 $15) 30... Bxd3 $19 31. Rxa5 c4 {[%cal Bc5c4,Bc4c3][%mdl 32]} 32. Rc5 c3 33. e5 Ra8 34. a5 Bf8 35. Rc7 $2 (35. h4 {keeps fighting.}) 35... Bxd6 $2 (35... h6 $19 {Threatens to win with ...g5.} 36. h4 Rxa5) 36. exd6 {[%mdl 4096] Endgame KRB-KRB} Bf5 37. g4 Be6 38. Be5 Rxa5 39. d7 Bxd7 40. Rxd7 $2 {[%mdl 8192]} (40. Bxd4 $15 c2 41. Rxc2) 40... Rxe5 41. Rxd4 $15 {KR-KR} Rc5 42. Rd1 c2 43. Rc1 Kg7 44. Kf2 Kf6 45. Ke3 Kg5 46. Kf3 Rc7 {Black is clearly winning.} 47. Kg3 Rc3+ 48. Kg2 Kh4 {Accuracy: White = 47%, Black = 63%.} 0-1

[Event "Stay Safe Play From Home 329"]
[Site "Mustafa Kemal Atatürk"]
[Date "2020.07.24"]
[Round "9"]
[White "Schachwerk_64"]
[Black "SoulofWolf"]
[Result "0-1"]
[WhiteElo "1862"]
[BlackElo "2146"]
[Annotator "NA"]
[PlyCount "102"]
[EventDate "2020.07.24"]
[EventType "swiss (blitz)"]

1. e4 {[%emt 0:00:01]} e6 {[%emt 0:00:00]} 2. d3 {[%emt 0:00:00]} c5 {[%emt 0:00:00]} 3. Nd2 {[%emt 0:00:00]} b6 {[%emt 0:00:00]} 4. Ngf3 {[%emt 0:00:00]} Bb7 {[%emt 0:00:00]} 5. g3 {[%emt 0:00:00]} Nc6 {[%emt 0:00:00]} 6. Bg2 {[%emt 0:00:02]} Qc7 {[%emt 0:00:00]} 7. O-O {[%emt 0:00:01]} O-O-O {[%emt 0:00:00]} 8. Re1 {[%emt 0:00:01]} f6 {[%emt 0:00:00]} 9. a4 {[%emt 0:00:01]} Nge7 {[%emt 0:00:00]} 10. c3 {[%emt 0:00:01]} a5 {[%emt 0:00:01]} 11. b4 {[%emt 0:00:01]} c4 {[%emt 0:00:01]} 12. bxa5 {[%emt 0:00:01]} Nxa5 {[%emt 0:00:01]} 13. Nxc4 {[%emt 0:00:00]} Nxc4 {[%emt 0:00:01]} 14. dxc4 {[%emt 0:00:00]} Qxc4 {[%emt 0:00:00]} 15. Nd4 {[%emt 0:00:01]} d5 {[%emt 0:00:03]} 16. exd5 {[%emt 0:00:03]} Bxd5 {[%emt 0:00:04]} 17. Bxd5 {[%emt 0:00:03]} Rxd5 {[%emt 0:00:01]} 18. Be3 {[%emt 0:00:01]} e5 {[%emt 0:00:01]} 19. Qe2 {[%emt 0:00:05]} Qxe2 {[%emt 0:00:04]} 20. Nxe2 {[%emt 0:00:00]} Rd6 {[%emt 0:00:06]} 21. a5 {[%emt 0:00:01]} Nd5 {[%emt 0:00:01]} 22. axb6 {[%emt 0:00:03]} Nxe3 {[%emt 0:00:01]} 23. fxe3 {[%emt 0:00:01]} Rxb6 {[%emt 0:00:00]} 24. Ra8+ {[%emt 0:00:04]} Kb7 {[%emt 0:00:01]} 25. Re8 {[%emt 0:00:02]} g6 {[%emt 0:00:01]} 26. Rd1 {[%emt 0:00:03]} Rc6 {[%emt 0:00:01]} 27. Rdd8 {[%emt 0:00:01]} Bc5 {[%emt 0:00:06]} 28. Rxh8 {[%emt 0:00:01]} Bxe3+ {[%emt 0:00:00]} 29. Kg2 {[%emt 0:00:01]} Bb6 {[%emt 0:00:01]} 30. Rd7+ {[%emt 0:00:01]} Ka6 {[%emt 0:00:01]} 31. Rhxh7 {[%emt 0:00:01]} e4 {[%emt 0:00:04]} 32. Rde7 {[%emt 0:00:02]} f5 {[%emt 0:00:02]} 33. Re5 {[%emt 0:00:01]} Bc7 {[%emt 0:00:02]} 34. Ree7 {[%emt 0:00:02]} Bb6 {[%emt 0:00:01]} 35. Rhf7 {[%emt 0:00:01]} Rd6 {[%emt 0:00:02]} 36. Rd7 {[%emt 0:00:01]} Rc6 {[%emt 0:00:01]} 37. Rd5 {[%emt 0:00:01]} Re6 {[%emt 0:00:01]} 38. Rfd7 {[%emt 0:00:01]} Rc6 {[%emt 0:00:01]} 39. R7d6 {[%emt 0:00:01]} Rc8 {[%emt 0:00:01]} 40. Rxg6 {[%emt 0:00:01]} Ka7 {[%emt 0:00:01]} 41. Rdd6 {[%emt 0:00:00]} Be3 {[%emt 0:00:00]} 42. Ra6+ {[%emt 0:00:01]} Kb7 {[%emt 0:00:01]} 43. Rgc6 {[%emt 0:00:02]} Rxc6 {[%emt 0:00:01]} 44. Rxc6 {[%emt 0:00:01]} Kxc6 {[%emt 0:00:00]} 45. Kh3 {[%emt 0:00:00]} Kc5 {[%emt 0:00:00]} 46. Kh4 {[%emt 0:00:00]} Kc4 {[%emt 0:00:00]} 47. Kh5 {[%emt 0:00:01]} Kd3 {[%emt 0:00:01]} 48. Kh4 {[%emt 0:00:01]} Kxe2 {[%emt 0:00:01]} 49. Kh5 {[%emt 0:00:01]} Kd3 {[%emt 0:00:00]} 50. Kg6 {[%emt 0:00:00]} Kxc3 {[%emt 0:00:00]} 51. Kxf5 {[%emt 0:00:01]} Kd3 {[%emt 0:00:01] Zeit (Lag: Av=0.33s, max=0.6s) .} 0-1

[Event "Stay Safe Play From Home 329"]
[Site "Mustafa Kemal Atatürk"]
[Date "2020.07.24"]
[Round "9"]
[White "Edmatuag"]
[Black "SelamiSahin"]
[Result "0-1"]
[WhiteElo "1639"]
[BlackElo "2121"]
[Annotator "TA"]
[PlyCount "78"]
[EventDate "2020.07.24"]
[EventType "swiss (blitz)"]

{[%evp 9,78,-12,-12,-29,-23,-23,-27,-57,-16,-48,-35,-42,-29,-32,-39,-35,-35,-89,-108,-73,-122,-85,-49,-99,-81,-94,-25,-136,-133,-126,-131,-167,-154,-198,-193,-201,-196,-359,-150,-186,-143,-165,-161,-177,-130,-166,-133,-147,-131,-147,-103,-81,-80,-120,-119,-215,-151,-150,-145,-200,-145,-288,-145,-381,-375,-304,-232,-250,-250,-295,-181]} 1. e3 c6 2. Nf3 d5 3. d3 Nf6 4. c4 Bg4 {[#]} 5. cxd5 $146 ({Predecessor:} 5. Be2 e6 6. Ne5 Bxe2 7. Qxe2 Bd6 8. Ng4 Nbd7 9. e4 dxe4 10. dxe4 Bb4+ 11. Bd2 Bxd2+ 12. Nxd2 {0-1 (29) Bleck,M-Schmidbauer,J Bayern 1998}) 5... cxd5 6. d4 {A00: Irregular Openings.} Nc6 7. Nc3 e6 8. Qb3 {Black has an edge.} Qc7 9. Bb5 Bxf3 10. gxf3 a6 11. Bd3 Bd6 12. Bd2 O-O 13. O-O-O (13. Rc1 $15) 13... b5 $36 {[%mdl 2048] And now ...b4 would win. Keeping White busy.} 14. Kb1 Na5 15. Qc2 Nc4 16. Bxc4 bxc4 17. e4 Bf4 (17... Bb4 $17) 18. e5 (18. Be3 $11) 18... Bxd2 19. exf6 Bxc3 20. Qxc3 gxf6 21. Rdg1+ Kh8 22. Rg4 Rg8 23. Rhg1 $2 (23. Qd2) 23... f5 (23... Qxh2 $19 {is more deadly.} 24. Qe1 Rxg4 25. fxg4 Qf4) 24. R4g3 Rxg3 25. fxg3 $19 {[%mdl 4096] Endgame KQR-KQR} Rg8 26. f4 Rb8 27. Re1 Rb6 28. Re2 Qb8 29. Kc1 Rb4 30. Qe3 a5 31. Qe5+ Qxe5 32. fxe5 $17 {KR-KR} (32. Rxe5 $17 {was called for.} Kg7 33. Re3) 32... Kg7 $19 33. Kc2 Kg6 34. Re3 (34. Rf2 $17) 34... Kg5 35. Ra3 {[#]} (35. Rf3 $17) 35... Rb5 (35... Kg4 $1 $19 {...Kh3 is the strong threat.} 36. Rxa5 Kh3) 36. b3 $2 {[#] This move loses the game for White.} (36. Rf3 $17 {was the only defense.}) 36... cxb3+ $1 37. axb3 f4 38. gxf4+ Kxf4 39. Kd3 Kf3 {Accuracy: White = 37%, Black = 51%.} 0-1

[Event "Stay Safe Play From Home 329"]
[Site "Mustafa Kemal Atatürk"]
[Date "2020.07.24"]
[Round "9"]
[White "Mamba2001de"]
[Black "Trotsky"]
[Result "0-1"]
[WhiteElo "1460"]
[BlackElo "1621"]
[Annotator "NA"]
[PlyCount "64"]
[EventDate "2020.07.24"]
[EventType "swiss (blitz)"]

1. d4 {[%emt 0:00:01]} d5 {[%emt 0:00:01]} 2. c4 {[%emt 0:00:01]} e6 {[%emt 0:00:00]} 3. Nc3 {[%emt 0:00:01]} c5 {[%emt 0:00:01]} 4. e3 {[%emt 0:00:01]} Nc6 {[%emt 0:00:01]} 5. Nf3 {[%emt 0:00:01]} a6 {[%emt 0:00:01]} 6. Bd2 {[%emt 0:00:01]} Nf6 {[%emt 0:00:01]} 7. Bd3 {[%emt 0:00:01]} Bd6 {[%emt 0:00:01]} 8. O-O {[%emt 0:00:01]} Qc7 {[%emt 0:00:00]} 9. cxd5 {[%emt 0:00:01]} Ne7 {[%emt 0:00:04]} 10. Ne5 {[%emt 0:00:00]} h5 {[%emt 0:00:02]} 11. dxc5 {[%emt 0:00:03]} Bxe5 {[%emt 0:00:01]} 12. e4 {[%emt 0:00:01]} Ng4 {[%emt 0:00:02]} 13. Ne2 {[%emt 0:00:02]} Bxh2+ {[%emt 0:00:01]} 14. Kh1 {[%emt 0:00:01]} Bg1 {[%emt 0:00:00]} 15. Ng3 {[%emt 0:00:02]} Bxf2 {[%emt 0:00:02]} 16. Rxf2 {[%emt 0:00:06]} Nxf2+ {[%emt 0:00:03]} 17. Kg1 {[%emt 0:00:00]} Nxd1 {[%emt 0:00:01]} 18. Nf5 {[%emt 0:00:03]} exf5 {[%emt 0:00:02]} 19. Rxd1 {[%emt 0:00:00]} fxe4 {[%emt 0:00:02]} 20. Bxe4 {[%emt 0:00:01]} Bf5 {[%emt 0:00:02]} 21. d6 {[%emt 0:00:01]} Qd7 {[%emt 0:00:03]} 22. dxe7 {[%emt 0:00:02]} Bxe4 {[%emt 0:00:03]} 23. Kf2 {[%emt 0:00:09]} Qc6 {[%emt 0:00:01]} 24. Ke2 {[%emt 0:00:02]} Qb5+ {[%emt 0:00:03]} 25. Ke3 {[%emt 0:00:02]} Kxe7 {[%emt 0:00:01]} 26. Kxe4 {[%emt 0:00:01]} Rhe8 {[%emt 0:00:01]} 27. Kf3 {[%emt 0:00:02]} Kf8 {[%emt 0:00:01]} 28. Be3 {[%emt 0:00:02]} Qc6+ {[%emt 0:00:01]} 29. Ke2 {[%emt 0:00:02]} f5 {[%emt 0:00:01]} 30. Kf1 {[%emt 0:00:08]} f4 {[%emt 0:00:01]} 31. Rd6 {[%emt 0:00:01]} Qb5+ {[%emt 0:00:02]} 32. Kg1 {[%emt 0:00:02]} Rxe3 {[%emt 0:00:01] Zeit (Lag: Av=0.26s, max=0.3s) .} 0-1

[Event "Stay Safe Play From Home 329"]
[Site "Mustafa Kemal Atatürk"]
[Date "2020.07.24"]
[Round "9"]
[White "New ton"]
[Black "Meini"]
[Result "0-1"]
[WhiteElo "1405"]
[BlackElo "1524"]
[Annotator "NA"]
[PlyCount "100"]
[EventDate "2020.07.24"]
[EventType "swiss (blitz)"]

{New ton offers a draw} 1. e4 {[%emt 0:00:02]} c6 {[%emt 0:00:01]} 2. Nf3 {[%emt 0:00:01]} d5 {[%emt 0:00:01]} 3. exd5 {[%emt 0:00:02]} cxd5 {[%emt 0:00:01]} 4. d4 {[%emt 0:00:01]} Nc6 {[%emt 0:00:01]} 5. Nc3 {[%emt 0:00:01]} Bg4 {[%emt 0:00:01]} 6. Bb5 {[%emt 0:00:01]} e6 {[%emt 0:00:01]} 7. Bg5 {[%emt 0:00:03]} Be7 {[%emt 0:00:02]} 8. h4 {[%emt 0:00:03]} h6 {[%emt 0:00:05]} 9. Bf4 {[%emt 0:00:03]} Bd6 {[%emt 0:00:02]} 10. Bxd6 {[%emt 0:00:02]} Qxd6 {[%emt 0:00:01]} 11. Qe2 {[%emt 0:00:01]} Nge7 {[%emt 0:00:01]} 12. O-O-O {[%emt 0:00:01]} O-O {[%emt 0:00:01]} 13. Qe3 {[%emt 0:00:03]} Rac8 {[%emt 0:00:01]} 14. Bxc6 {[%emt 0:00:01]} Qxc6 {[%emt 0:00:02]} 15. Ne5 {[%emt 0:00:04]} Qa6 {[%emt 0:00:08]} 16. f3 {[%emt 0:00:02]} Bf5 {[%emt 0:00:02]} 17. g4 {[%emt 0:00:02]} Bh7 {[%emt 0:00:02]} 18. f4 {[%emt 0:00:02]} Nc6 {[%emt 0:00:01]} 19. f5 {[%emt 0:00:01]} Nxe5 {[%emt 0:00:01]} 20. dxe5 {[%emt 0:00:02]} exf5 {[%emt 0:00:01]} 21. gxf5 {[%emt 0:00:01]} Bxf5 {[%emt 0:00:01]} 22. e6 {[%emt 0:00:02]} Bxe6 {[%emt 0:00:01]} 23. Rhf1 {[%emt 0:00:02]} Rfd8 {[%emt 0:00:01]} 24. Rd2 {[%emt 0:00:01]} Qb6 {[%emt 0:00:02]} 25. Qxb6 {[%emt 0:00:02]} axb6 {[%emt 0:00:02]} 26. Rdf2 {[%emt 0:00:00]} d4 {[%emt 0:00:01]} 27. Ne4 {[%emt 0:00:01]} Rc6 {[%emt 0:00:02]} 28. h5 {[%emt 0:00:01]} Rdc8 {[%emt 0:00:01]} 29. Nd2 {[%emt 0:00:02]} Rxc2+ {[%emt 0:00:02]} 30. Kb1 {[%emt 0:00:01]} d3 {[%emt 0:00:01]} 31. Nc4 {[%emt 0:00:02]} Bxc4 {[%emt 0:00:02]} 32. Rxc2 {[%emt 0:00:01]} dxc2+ {[%emt 0:00:00]} 33. Kxc2 {[%emt 0:00:01]} Bxf1+ {[%emt 0:00:00]} 34. Kd2 {[%emt 0:00:02]} Rc5 {[%emt 0:00:00]} 35. Ke3 {[%emt 0:00:00]} Rxh5 {[%emt 0:00:01]} 36. Kf4 {[%emt 0:00:00]} Rh2 {[%emt 0:00:01]} 37. Ke3 {[%emt 0:00:00]} Rxb2 {[%emt 0:00:00]} 38. Kf4 {[%emt 0:00:00]} Rxa2 {[%emt 0:00:00]} 39. Kg3 {[%emt 0:00:00]} Re2 {[%emt 0:00:02]} 40. Kg4 {[%emt 0:00:00]} Re6 {[%emt 0:00:01]} 41. Kf3 {[%emt 0:00:00]} b5 {[%emt 0:00:00]} 42. Kf2 {[%emt 0:00:01]} b4 {[%emt 0:00:00]} 43. Kxf1 {[%emt 0:00:00]} b3 {[%emt 0:00:00]} 44. Kf2 {[%emt 0:00:01]} b2 {[%emt 0:00:00]} 45. Kf3 {[%emt 0:00:00]} b1=Q {[%emt 0:00:00]} 46. Kg3 {[%emt 0:00:00]} Qb4 {[%emt 0:00:00]} 47. Kf3 {[%emt 0:00:01]} Rc6 {[%emt 0:00:00]} 48. Kg2 {[%emt 0:00:00]} Rc3 {[%emt 0:00:00]} 49. Kf2 {[%emt 0:00:00]} Qb2+ {[%emt 0:00:00]} 50. Ke1 {[%emt 0:00:00]} Rc1# {[%emt 0:00:00] Mate} 0-1